| 000 | 00838nam a2200289 4500 | ||
|---|---|---|---|
| 003 | OSt | ||
| 005 | 20260601193842.0 | ||
| 008 | 260417b2014 mx |||| |||| 00| 0 spa d | ||
| 020 | _a 9786079377571 | ||
| 040 |
_aICI _bspa _cICI |
||
| 041 | 1 |
_aspa _heng |
|
| 050 |
_aBF441 _bB42318 2014 |
||
| 100 | 1 |
_aBono, Edward de _d1933- _930916 |
|
| 240 | 1 |
_aSix thinking hats. _lEspañol |
|
| 245 | 1 |
_aSeis sombreros para pensar / _cEdward de Bono |
|
| 264 |
_bEdiciones Culturales Paidós, _c[2014] _aMéxico, D.F. : |
||
| 264 | _c©2014 | ||
| 300 | _a247 páginas | ||
| 336 |
_atexto _2rdacontent |
||
| 337 |
_asin medio _2rdamedia |
||
| 338 |
_avolumen _2rdacarrier |
||
| 500 | _aReimpresiones: (2a : 2015) | ||
| 650 | 4 | _aPensamiento creativo | |
| 650 | 4 | _aSolución de problemas | |
| 700 | 1 |
_aDe Bono, Edward, _d1933- |
|
| 942 |
_2lcc _cB |
||
| 999 |
_c21494 _d21494 |
||